000 00920cam a2200277Ii 4500
001 17791
003 BD-RjUL
005 20211209000208.0
008 140219t1957 ohu 000 1 eng d
035 _a(OCoLC)ocm05114180
035 _a(BD-RjUL)17849
035 _a(NNC)4587419
035 _a4587419
040 _aVVR
_cVVR
_dOCL
_dWY@
_dOCL
_dBD-RjUL
_beng
041 _aeng
082 0 4 _a822
_bREL 1957
098 _aBZ4.1
245 1 0 _aReligious drama 1 :
_bfive plays /
_cselected and introduced by Marvin Halverson.
260 _aNew york :
_bMeridian Books,
_cc1957.
300 _a410 p. ;
_c21 cm.
500 _a"A Living age book."
505 0 _aAuden, W. H. For the time being.--Fry, C. The firstborn.--Lawrence, D. H. David.--Sayers, D. The zeal of Thy house.--Schevill, J. The bloody tenet.
650 0 _aReligious drama.
_954888
700 1 2 _aHalverson, Marvin,
_d1923-
_954889
942 _2ddc
_cBK
999 _c17791
_d17791